书目信息 |
| 题名: |
让孩子爱上读书
|
|
| 作者: | 多湖辉, 著 ;林焕军 译 | |
| 分册: | ||
| 出版信息: | 长春 北方妇女儿童出版社 2011 |
|
| 页数: | 179页 | |
| 开本: | 21cm | |
| 丛书名: | ||
| 单 册: | ||
| 中图分类: | G78 , G792 | |
| 科图分类: | ||
| 主题词: | 读书方法--dU shu fang fa--家庭教育 | |
| 电子资源: | ||
| ISBN: | 978-7-5385-5319-2 | |
| 000 | 00918nam0 2200265 450 | |
| 001 | 012001002610 | |
| 005 | 20131029172756.0 | |
| 010 | @a978-7-5385-5319-2@dCNY25.00 | |
| 099 | @aCAL 012011196842 | |
| 100 | @a20110627d2011 em y0chiy0121 ea | |
| 101 | 1 | @achi@cjpn |
| 102 | @aCN@b220000 | |
| 105 | @ay z 000yy | |
| 106 | @ar | |
| 200 | 1 | @a让孩子爱上读书@Arang hai zi ai shang du shu@f(日) 多湖辉著@g林焕军译 |
| 210 | @a长春@c北方妇女儿童出版社@d2011 | |
| 215 | @a179页@d21cm | |
| 330 | @a本书内容包括:阅读能为您构建起良好的人际关系、怎样营造出让人喜欢阅读的环境、阅读能够培养“思考能力”、应该怎样养成阅读的习惯等。 | |
| 606 | 0 | @a读书方法@AdU shu fang fa@x家庭教育 |
| 690 | @aG78@v4 | |
| 690 | @aG792@v4 | |
| 701 | 0 | @a多湖辉,@ADuohu Hui@f1926-@4著@3CAL n2004421788#@7jt0yjt0y@7ec0yec0y |
| 702 | 0 | @a林焕军@Alin huan jun@4译 |
| 801 | 2 | @aCN@b江苏凤凰@c20191020 |
| 905 | @b1229721-4@dG78@e1355@f4 | |
| 让孩子爱上读书/(日) 多湖辉著/林焕军译.-长春:北方妇女儿童出版社,2011 |
| 179页;21cm |
| ISBN 978-7-5385-5319-2:CNY25.00 |
| 本书内容包括:阅读能为您构建起良好的人际关系、怎样营造出让人喜欢阅读的环境、阅读能够培养“思考能力”、应该怎样养成阅读的习惯等。 |
| ● |
| 相关链接 |
|
|
|
|
正题名:让孩子爱上读书
索取号:G78/1355
 
预约/预借
| 序号 | 登录号 | 条形码 | 馆藏地/架位号 | 状态 | 备注 |
| 1 | 1229721 | 212297218 | 第一样本阅览室/ [索取号:G78/1355] | 在馆 | |
| 2 | 1229722 | 212297227 | 教育系资料室/ [索取号:G78/1355] | 在馆 | |
| 3 | 1229723 | 212297236 | 教育系资料室/ [索取号:G78/1355] | 在馆 | |
| 4 | 1229724 | 212297245 | 第四借阅区/ [索取号:G78/1355] | 在馆 |